000 00405nam a2200157Ia 4500
003 OSt
005 20230601115210.0
008 211028s2013 xx 000 0 und d
040 _cAIMIT LIBRARY
041 _aeng
100 _aSaldanha, Clary; Ganna, Ravi.
_98460
_e111929
110 _aRavi Ganna
_98461
245 _aCloud customer onboarding system.
260 _aMangalore
_c2013
942 _2ddc
_cPRO
999 _c219899
_d219899